Biswa Sahityar Jilingani / (Record no. 4242)
[ view plain ]
| 000 -LEADER | |
|---|---|
| fixed length control field | 01020nam a2200409Ia 4500 |
| 001 - CONTROL NUMBER | |
| control field | 4255 |
| 005 - DATE AND TIME OF LATEST TRANSACTION | |
| control field | 20240113233724.0 |
| 007 - PHYSICAL DESCRIPTION FIXED FIELD--GENERAL INFORMATION | |
| fixed length control field | ta |
| 008 - FIXED-LENGTH DATA ELEMENTS--GENERAL INFORMATION | |
| fixed length control field | 050609s1991 g b000 u asm u |
| 020 ## - INTERNATIONAL STANDARD BOOK NUMBER | |
| Terms of availability | Rs. 45.00 (HB) |
| 040 ## - CATALOGING SOURCE | |
| Original cataloging agency | Cotton College,Assam |
| 041 ## - LANGUAGE CODE | |
| Language code of text/sound track or separate title | asm |
| 082 ## - DEWEY DECIMAL CLASSIFICATION NUMBER | |
| Classification number | 891.41308 |
| Item number | Bh 469 Bi |
| 100 ## - MAIN ENTRY--PERSONAL NAME | |
| Personal name | Bhattacharya, Parag Kr. . |
| 245 #0 - TITLE STATEMENT | |
| Title | Biswa Sahityar Jilingani / |
| Statement of responsibility, etc. | Parag Kr. Bhattacharya. |
| Medium | Textual Documents |
| 250 ## - EDITION STATEMENT | |
| Edition statement | 1st ed. / |
| 260 ## - PUBLICATION, DISTRIBUTION, ETC. | |
| Place of publication, distribution, etc. | Guwahati : |
| Name of publisher, distributor, etc. | Banalata , |
| Date of publication, distribution, etc. | 1991. |
| 300 ## - PHYSICAL DESCRIPTION | |
| Extent | 295p. ; |
| Dimensions | 22cm. |
| 365 ## - TRADE PRICE | |
| Price type code | Rs. 45.00 |
| 653 ## - INDEX TERM--UNCONTROLLED | |
| Uncontrolled term | Assamese Fiction-Collections |
| 653 ## - INDEX TERM--UNCONTROLLED | |
| Uncontrolled term | Assamese Literature |
| 653 ## - INDEX TERM--UNCONTROLLED | |
| Uncontrolled term | PG-Assamese |
| 653 ## - INDEX TERM--UNCONTROLLED | |
| Uncontrolled term | MS-Assamese |
| 653 ## - INDEX TERM--UNCONTROLLED | |
| Uncontrolled term | T/G-Assamese |
| 942 ## - ADDED ENTRY ELEMENTS (KOHA) | |
| Source of classification or shelving scheme | Dewey Decimal Classification |
| Koha item type | Books |
| Withdrawn status | Lost status | Damaged status | Not for loan | Collection | Home library | Current library | Date acquired | Coded location qualifier | Cost, normal purchase price | Total checkouts | Full call number | Barcode | Date last seen | Copy number | Price effective from | Koha item type |
|---|---|---|---|---|---|---|---|---|---|---|---|---|---|---|---|---|
| Dr. Suryya Kumar Bhuyan Library | Dr. Suryya Kumar Bhuyan Library | 01/02/2012 | 00000 | 45.00 | 891.41308 Bh 469 Bi | 87000 | 13/01/2024 | 8 | 01/02/2012 | Books | ||||||
| Dr. Suryya Kumar Bhuyan Library | Dr. Suryya Kumar Bhuyan Library | 01/02/2012 | 00000 | 45.00 | 891.41308 Bh 469 Bi | 1329/As | 13/01/2024 | 1 | 01/02/2012 | Books | ||||||
| Dr. Suryya Kumar Bhuyan Library | Dr. Suryya Kumar Bhuyan Library | 01/02/2012 | 00000 | 45.00 | 891.41308 Bh 469 Bi | 1330/Ass | 13/01/2024 | 9 | 01/02/2012 | Books | ||||||
| Dr. Suryya Kumar Bhuyan Library | Dr. Suryya Kumar Bhuyan Library | 01/02/2012 | 00000 | 45.00 | 891.41308 Bh 469 Bi | 1473/As | 13/01/2024 | 7 | 01/02/2012 | Books | ||||||
| Dr. Suryya Kumar Bhuyan Library | Dr. Suryya Kumar Bhuyan Library | 01/02/2012 | 00000 | 45.00 | 891.41308 Bh 469 Bi | 1646/As | 13/01/2024 | 2 | 01/02/2012 | Books | ||||||
| Dr. Suryya Kumar Bhuyan Library | Dr. Suryya Kumar Bhuyan Library | 01/02/2012 | 00000 | 45.00 | 891.41308 Bh 469 Bi | 59588 | 13/01/2024 | 10 | 01/02/2012 | Books | ||||||
| Dr. Suryya Kumar Bhuyan Library | Dr. Suryya Kumar Bhuyan Library | 01/02/2012 | 00000 | 45.00 | 891.41308 Bh 469 Bi | 86996 | 13/01/2024 | 4 | 01/02/2012 | Books | ||||||
| Dr. Suryya Kumar Bhuyan Library | Dr. Suryya Kumar Bhuyan Library | 01/02/2012 | 00000 | 45.00 | 891.41308 Bh 469 Bi | 86997/As | 13/01/2024 | 3 | 01/02/2012 | Books | ||||||
| Dr. Suryya Kumar Bhuyan Library | Dr. Suryya Kumar Bhuyan Library | 01/02/2012 | 00000 | 45.00 | 891.41308 Bh 469 Bi | 86998 | 13/01/2024 | 6 | 01/02/2012 | Books | ||||||
| Dr. Suryya Kumar Bhuyan Library | Dr. Suryya Kumar Bhuyan Library | 01/02/2012 | 00000 | 45.00 | 891.41308 Bh 469 Bi | 86999 | 13/01/2024 | 5 | 01/02/2012 | Books |
